000 01003nam a22002057a 4500
003 NALT
005 20210706161814.0
008 s2546 th tha d
040 _aNALT
041 _atha
050 _aSB 379.P4
_bน198ก
100 0 _aนภาภรณ์ พรหมชนะ
_953764
245 1 0 _aการวิเคราะห์ผลตอบแทนทางการเงินของการผลิตพลับในประเทศไทย /
_cนภาภรณ์ พรหมชนะ, จักรกฤษณ์ พจนศิลป์.
260 _aกรุงเทพฯ :
_bสถาบันวิจัยและพัฒนา มหาวิทยาลัยเกษตรศาสตร์,
_c2546
300 _a107 หน้า :
_bตาราง ;
_c29 ซม.
650 4 _aพลับ
_953765
_xการปลูก
700 0 _aจักรกฤษณ์ พจนศิลป์
850 _aNALT
942 _cRSH
_2lcc
999 _c40283
_d40283
998 _j109
_k อารีรัตน์ วิชาช่าง